Quiz do Sistema Solar - Statistics

Estatísticas Gerais
  • Esse quiz foi jogado 56 vezes
  • A pontuação média é 4 de 7
Estatísticas das Respostas
Questão Resposta % Correto
Quantos Planetas existem? 8
89%
Qual o Buraco Negro do centro da Via Lactea Sargitario A
60%
Qual o diametro de Saturno? 120 000Km
53%
Qual o Planeta com Mais Luas? Saturno
51%
Qual a maior lua do sistema solar? Ganímedes
47%
Quantos planetas anões tem? 5
44%
Quantos planetas tem aneis? 4
42%
Nenhum quiz correspondente encontrado
Distribuição das Pontuações
Porcentagem de Pessoas com Cada Pontuação
Percentil de Números Respondidos
Sua Pontuação Histórica
Você não jogou esse quiz